30 Largest Economies in the world 1950,2010,2000,2020,2035, 2050,2100, - Statistics

General Stats
  • This quiz has been taken 111 times
  • The average score is 241 of 270
Answer Stats
Answer % Correct
United Kingdom
99%
United States
99%
China
98%
India
98%
Japan
98%
Brazil
96%
France
96%
Indonesia
96%
Italy
96%
Canada
95%
Russia
95%
Turkey
95%
Australia
94%
Germany
94%
Mexico
94%
Spain
94%
South Korea
93%
Argentina
92%
Saudi Arabia
92%
Egypt
90%
South Africa
90%
Colombia
89%
Iran
89%
Niger
89%
Nigeria
89%
Vietnam
89%
Pakistan
88%
Poland
88%
Thailand
87%
Malaysia
86%
Sweden
86%
Bangladesh
84%
Chile
84%
Netherlands
84%
Philippines
84%
Peru
82%
Switzerland
80%
Austria
78%
Democratic Republic of the Congo
78%
Ethiopia
78%
Belgium
77%
Algeria
76%
Venezuela
76%
Taiwan
75%
United Arab Emirates
73%
Tanzania
72%
Iraq
70%
Singapore
69%
Greece
65%
Israel
59%
Ghana
58%
Sudan
54%
Cuba
52%
Uganda
48%
Syria
41%
No matching quizzes found
Score Distribution
Percent of People with Each Score
Percentile by Number Answered
Your Score History
You have not taken this quiz